000 00412 a2200121 4500
001 ART_7520
005 20260410161720.0
008 260409a
245 1 0 _aLas empresas frente al desafío de demostrar su responsabilidad social
100 1 _aScavone, Graciela María
700 1 _aD´Onofrio, Paula Alejandra
773 0 _tContabilidad y auditoría
_g- Año 11, Nº 21 (jun. 2005)
_wREV1723
999 _c16884
_d16884